[Event "Zuerich op"]
[Site "Zuerich"]
[Date "1990.??.??"]
[Round "?"]
[White "Arnold, Lothar"]
[Black "Simon, Ralf Axel"]
[Result "1-0"]
[WhiteElo "2280"]
[BlackElo "2340"]

1.e4 c5 2.Nf3 e6 3.d4 cxd4 4.Nxd4 Nc6 5.Nc3 a6 6.g3 d6 7.Bg2 Bd7 8.O-O Be7
9.a4 Nf6 10.Be3 O-O 11.Nxc6 Bxc6 12.a5 Qc7 13.Re1 Rae8 14.Bb6 Qb8 15.Qe2 Nd7
16.Bd4 Bf6 17.Bxf6 Nxf6 18.h3 Qc7 19.Qc4 Rc8 20.Qb4 Rfd8 21.Rad1 Rd7 22.Rd2 Qd8
23.Red1 Ne8 24.e5 Bxg2 25.Kxg2 d5 26.Na4 Qe7 27.Qb3 Rdd8 28.Nb6 Rb8 29.f4 Nc7
30.c4 dxc4 31.Qxc4 Rxd2+ 32.Rxd2 Rd8 33.Qb4 Rxd2+ 34.Qxd2 f5 35.Qd6 Kf7 36.Nc8 Qxd6
37.exd6 Ke8 38.dxc7 Kd7 39.Nd6 Kxc7 40.Ne8+ Kc6 41.Nxg7 Kb5 42.Nxe6 Kxa5
43.g4  1-0

[Event "Zuerich op"]
[Site "Zuerich"]
[Date "1990.??.??"]
[Round "?"]
[White "Cladouras, Panagiotis"]
[Black "Arnold, Lothar"]
[Result "0-1"]
[WhiteElo "2410"]
[BlackElo "2280"]

1.e4 c5 2.Nc3 Nc6 3.Nge2 e6 4.d4 cxd4 5.Nxd4 Qc7 6.g3 a6 7.Bg2 Nf6 8.O-O Be7
9.Re1 Nxd4 10.Qxd4 Bc5 11.Qd1 d6 12.Be3 O-O 13.Qe2 Bxe3 14.Qxe3 e5 15.Rad1 b5
16.Rd2 Bb7 17.Red1 Rad8 18.h3 Rd7 19.g4 h6 20.Bf3 Rfd8 21.h4 Qc5 22.Qe2 Nh7
23.Nd5 Bxd5 24.Rxd5 Qb6 25.Qd2 Nf6 26.Rd3 d5 27.Rxd5 Nxd5 28.exd5 Qf6 29.Qe3 Rd6
30.c3 Qxh4 31.Qxe5 Rg6 32.Rd4 h5 33.d6 Re6 34.Qxh5 Qxh5 35.gxh5 Rdxd6 36.Rb4 Rd2
37.a4 bxa4 38.c4 g6 39.hxg6 Rxg6+ 40.Kf1 Rf6 41.Kg2 Rd3 42.Be4 Rb3 43.Rxa4 Rxb2
44.c5 Rbxf2+ 45.Kg3 Re2 46.Bb7 Rc2 47.Ra5 Rf5 48.Rxa6 Rfxc5 49.Bf3 Kg7 50.Rb6 Rf5
51.Be4 Rc3+ 52.Kg4 Rf6 53.Rb4 Rc1 54.Kg3 Rg1+ 55.Kh2 Rg4  0-1

[Event "Aarhus op"]
[Site "Aarhus"]
[Date "1991.??.??"]
[Round "1"]
[White "Hector, Jonny"]
[Black "Tompa, Janos"]
[Result "1-0"]
[WhiteElo "2465"]
[BlackElo "2445"]

1.e4 c5 2.Nf3 e6 3.d4 cxd4 4.Nxd4 Nc6 5.Nc3 Qc7 6.f4 a6 7.Nxc6 Qxc6 8.Bd3 Bc5
9.Qg4 g6 10.Bd2 b5 11.Qe2 Bb7 12.a4 b4 13.Nd5 Qd6 14.Ne3 Qxf4 15.Ng4 Qd6
16.Rf1 h5 17.Bf4 Qe7 18.Ne5 g5 19.Be3 Nh6 20.O-O-O Ng4 21.Bxc5 Qxc5 22.Nc4 d5
23.exd5 Bxd5 24.h3 Bxc4 25.hxg4 Bxd3 26.Qxd3 O-O 27.gxh5 Rac8 28.Kb1 Qc4
29.Qd2 Rc5 30.b3 Qg4 31.Qd6 Rfc8 32.Qe7 Rf5 33.Qd7 Rf8 34.h6 Rxf1 35.Rxf1 Qxg2
36.Rxf7 Rxf7 37.Qe8+ Kh7 38.Qxf7+ Kxh6 39.Qxe6+ Kh5 40.Qxa6 Qe4 41.Qc8 g4
42.a5 g3 43.a6 Qe1+ 44.Ka2 Qf2 45.Qh8+ Kg6 46.Qg8+ Kf6 47.Qd8+ Ke6 48.Qc7 g2
49.a7 g1=Q 50.a8=Q Qgg2 51.Qe8+  1-0

[Event "ARG-ch sf"]
[Site "?"]
[Date "1991.??.??"]
[Round "6"]
[White "Giaccio, Alfredo"]
[Black "Aparicio, Anibal"]
[Result "1-0"]
[WhiteElo "2325"]
[BlackElo "2330"]

1.e4 c5 2.Nf3 Nc6 3.Nc3 e6 4.d4 cxd4 5.Nxd4 a6 6.Be3 Nge7 7.Nb3 b5 8.Bc5 Bb7
9.Qd2 Ne5 10.Bd6 f6 11.a4 Nf7 12.Bb4 a5 13.Bxe7 Bxe7 14.Bxb5 Bb4 15.O-O-O Nd6
16.Qf4 Qc7 17.Qg3 O-O 18.f3 Rac8 19.Rd3 Nxb5 20.axb5 Qb6 21.Rxd7 Bxc3 22.Qxg7+  1-0

[Event "Asuncion"]
[Site "Asuncion"]
[Date "1991.??.??"]
[Round "2"]
[White "Salazar, Hernan"]
[Black "Hernandez, Gilberto"]
[Result "0-1"]
[WhiteElo "2390"]
[BlackElo "2525"]

1.e4 c5 2.Nc3 e6 3.Nge2 Nc6 4.d4 cxd4 5.Nxd4 Qc7 6.Be2 a6 7.O-O Nf6 8.Kh1 Nxd4
9.Qxd4 Bc5 10.Qd3 h5 11.f4 Ng4 12.Qg3 b5 13.Bxg4 hxg4 14.Qxg4 Bb7 15.Qe2 b4
16.Nd1 Rh4 17.Nf2 Ke7 18.Nd3 Rah8 19.h3 f5 20.Nxc5 Qxc5 21.Qf2 Qc4 22.Kg1 Qxe4
23.Re1 Qc6 24.Qg3 Kf7 25.Kf2 R4h6 26.Qf3 Qxf3+ 27.gxf3 Rxh3 28.Ke3 Rxf3+
29.Kd4 Rc8 30.Be3 Rxc2 31.b3 g5 32.fxg5 d6  0-1

[Event "AUT-ch"]
[Site "?"]
[Date "1991.??.??"]
[Round "?"]
[White "Schlosser, Michael"]
[Black "Sinowjew, Juri"]
[Result "0-1"]
[WhiteElo "2380"]
[BlackElo "2305"]

1.e4 c5 2.Nf3 e6 3.d4 cxd4 4.Nxd4 Nc6 5.Nc3 a6 6.Be3 Nf6 7.Bd3 d5 8.exd5 exd5
9.Qe2 Be7 10.O-O-O O-O 11.f3 Bb4 12.Nxc6 bxc6 13.Bd4 Be6 14.Qf2 Be7 15.f4 Ng4
16.Qg1 Qc7 17.f5 c5 18.fxe6 Qf4+ 19.Kb1 cxd4 20.Nxd5 Qg5 21.Nxe7+ Qxe7 22.Qxd4 Qxe6
23.Rhe1 Qc8 24.h3 Nf6 25.a3 Rb8 26.Re7 Rd8 27.Qf2 Qc3 28.b3 Rxb3+ 29.cxb3 Qxb3+
30.Kc1 Qxa3+ 31.Kc2 Qa2+  0-1

[Event "AUT-chT playoff"]
[Site "?"]
[Date "1991.??.??"]
[Round "?"]
[White "Druckenthaner, Andreas"]
[Black "Laube, Bernhard"]
[Result "1/2-1/2"]
[WhiteElo "2290"]
[BlackElo "2230"]

1.e4 c5 2.Nf3 e6 3.Nc3 Nc6 4.d4 cxd4 5.Nxd4 d6 6.Be3 Nf6 7.Be2 Be7 8.O-O O-O
9.f4 Qc7 10.Qe1 Nxd4 11.Bxd4 e5 12.fxe5 dxe5 13.Qg3 Bc5 14.Bxc5 Qxc5+ 15.Kh1 Ne8
16.Nd5 f6 17.Rad1 Be6 18.c4 a5 19.b3 Kh8 20.Bg4 Bxg4 21.Qxg4 Rd8 22.Rf5 Qc8
23.Qe2 Qe6 24.Rf3 Rf7 25.Rfd3 Rfd7 26.Qe1 b6 27.Qe3 h6 28.h3 Rd6 29.Nc3 Rxd3
30.Rxd3 Rxd3 31.Qxd3 Nd6 32.Na4 f5 33.exf5 Nxf5 34.Nxb6 e4 35.Qd8+ Kh7 36.Nd7 Qf7
37.Nf8+ Kg8 38.Ne6+ Kh7 39.Nf8+ Kg8 40.Ne6+ Kh7 41.Qd5 Ng3+ 42.Kh2 Qf2 43.Nf8+ Kh8
44.Ng6+  1/2-1/2

[Event "AUT-chT"]
[Site "?"]
[Date "1991.??.??"]
[Round "?"]
[White "Watzka, Horst"]
[Black "Wallner, Walter"]
[Result "1-0"]
[WhiteElo "2330"]
[BlackElo "2240"]

1.e4 c5 2.Nf3 e6 3.d4 cxd4 4.Nxd4 Nc6 5.Nc3 d6 6.Be3 Nf6 7.Bc4 a6 8.Bb3 Qc7
9.O-O Be7 10.f4 O-O 11.f5 Nxd4 12.Bxd4 b5 13.a3 e5 14.Be3 Bb7 15.Qd3 Rfd8
16.Rad1 Rab8 17.Kh1 Bc6 18.Bg5 Ne8 19.Bxe7 Qxe7 20.Bd5 Bd7 21.Qe3 Bc8 22.Bc6 Nf6
23.Nd5 Nxd5 24.Bxd5 Bb7 25.f6 Qe8 26.fxg7 Bxd5 27.Rxd5 b4 28.axb4 Rxb4 29.b3 Rb5
30.Qd3 Rxd5 31.Qxd5 Qe6 32.Qa5 Rc8 33.c4 Rc6 34.Qd8+ Kxg7 35.Rf3 f6 36.Rg3+ Kh6
37.Qf8+ Kh5 38.Qg7  1-0

[Event "AUT-chT"]
[Site "?"]
[Date "1991.??.??"]
[Round "?"]
[White "Opl, Klaus"]
[Black "Horvath, Jozsef"]
[Result "1/2-1/2"]
[WhiteElo "2270"]
[BlackElo "2540"]

1.e4 c5 2.Nf3 e6 3.d4 cxd4 4.Nxd4 Nc6 5.Nc3 Qc7 6.Be2 a6 7.O-O Nf6 8.Kh1 d6
9.f4 Be7 10.Be3 O-O 11.Qe1 Nxd4 12.Bxd4 b5 13.Qg3 Bb7 14.Rae1 b4 15.e5 dxe5
16.Bxe5 Qc5 17.Nd1 g6 18.Bd3 Nd7 19.f5 Nxe5 20.Rxe5 Qd4 21.c3 bxc3 22.bxc3 Qh4
23.fxe6 Qxg3 24.hxg3 f5 25.Bc4 Kg7 26.Re2 Rac8 27.Ne3 Rfd8 28.g4 Be4 29.gxf5 gxf5
30.Bb3 Kg6 31.Rd1 Rxc3 32.Rxd8 Bxd8 33.Nd5 Bxd5  1/2-1/2

[Event "URS-chT"]
[Site "Azov"]
[Date "1991.??.??"]
[Round "?"]
[White "Galdunts, Sergey"]
[Black "Saltaev, Mihail"]
[Result "0-1"]
[WhiteElo "2445"]
[BlackElo "2455"]

1.e4 c5 2.Nf3 e6 3.d4 cxd4 4.Nxd4 Nc6 5.Nc3 Qc7 6.g3 a6 7.Bg2 d6 8.O-O Be7
9.Kh1 Nf6 10.f4 Bd7 11.Nde2 b5 12.Be3 O-O 13.Rc1 Rac8 14.Bf3 Na5 15.b3 Bc6
16.Qd4 Nb7 17.g4 b4 18.Qxb4 d5 19.Qb6 Qxb6 20.Bxb6 dxe4 21.Bg2 Nxg4 22.Nxe4 f5
23.h3 Nh6 24.Nf2 Ba3 25.Rcd1 Bxg2+ 26.Kxg2 Rc6 27.Ba7 Ra8 28.Bd4 Rxc2 29.Kf3 Nf7
30.Rg1 g6 31.h4 Be7 32.h5 g5 33.Ba1 Nbd8 34.h6 Kf8 35.Bg7+ Ke8 36.Nd4 Rxa2
37.Nd3 g4+ 38.Kg3 Nd6 39.Rge1 Rc8 40.Nxe6 Rcc2  0-1

[Event "Wch Seniors"]
[Site "Bad Woerishofen"]
[Date "1991.??.??"]
[Round "7"]
[White "Durao, Joaquim"]
[Black "Suetin, Alexey S"]
[Result "1/2-1/2"]
[WhiteElo "2205"]
[BlackElo "2515"]

1.e4 c5 2.Nf3 e6 3.d4 cxd4 4.Nxd4 Nc6 5.Nc3 a6 6.f4 Qc7 7.Nb3 b5 8.Bd3 Bb7
9.O-O d6 10.Qf3 Nf6 11.Be3 Be7 12.Rae1 g6 13.Bf2 O-O 14.Qh3 b4 15.Nd1 d5
16.e5 Ne4 17.Bxe4 dxe4 18.Ne3 a5 19.Bh4 Bxh4 20.Qxh4 Qe7 21.Qh6 f5 22.exf6 Qxf6
23.Nc5 Bc8 24.Nxe4 Qxb2  1/2-1/2

[Event "Baden-Baden op"]
[Site "Baden-Baden"]
[Date "1991.??.??"]
[Round "6"]
[White "Zaichik, Gennadi"]
[Black "Barlov, Dragan"]
[Result "1/2-1/2"]
[WhiteElo "2470"]
[BlackElo "2475"]

1.e4 c5 2.Nf3 Nc6 3.Nc3 e6 4.d4 cxd4 5.Nxd4 Qc7 6.g3 a6 7.Bg2 d6 8.O-O Nxd4
9.Qxd4 Ne7 10.Na4 Bd7 11.Nb6 Rd8 12.Be3 Nc8 13.Nxd7 Rxd7 14.c4 Ne7 15.Rac1 Nc6
16.Qc3 e5 17.Bh3 Rd8 18.Qb3 Ra8 19.Bb6 Qb8 20.c5 Be7 21.cxd6 Bxd6 22.Qd5 O-O
23.Rxc6 bxc6 24.Qxc6 a5 25.Rd1 Be7 26.Rd7 Ra6 27.Rb7 Qd6 28.Qxd6 Bxd6 29.Bf1 Raa8
30.Rd7 Bb4 31.a3 Be1 32.Rd1 Rfb8 33.Be3 Bxf2+ 34.Kxf2 Rxb2+ 35.Rd2 Rb3 36.Bc5 Rc8
37.Ba6 Ra8 38.Bc4 Rc3 39.Bd5 Rc8 40.Bd6 h6 41.a4 h5 42.h4 Kh7 43.Bxf7 Rd8
44.Bxh5 Rc4 45.Bd1 Kh6 46.g4 g6 47.Bb4 Rcd4 48.Rxd4 Rxd4 49.Bf8+ Kh7 50.Bf3 Rxa4
51.Bd6 Rc4 52.Bxe5 a4 53.Ke3 a3 54.Kd3 Rc5 55.Bd4 a2 56.e5 Rc1 57.e6 Re1
58.Bd5 Rd1+ 59.Ke3 Rxd4 60.Bxa2 Rd8 61.Kf4 Kg7 62.Ke5 Rd2 63.Bc4 Kf8 64.Kf6 Rf2+
65.Kg5 Rd2 66.Kf6 Rf2+ 67.Kxg6 Rf4 68.Bd3 Rxg4+ 69.Kf6 Rg7 70.h5 Rf7+  1/2-1/2

[Event "Baden-Baden op"]
[Site "Baden-Baden"]
[Date "1991.??.??"]
[Round "7"]
[White "Roos, Jean Luc"]
[Black "Holmsgaard, Henrik"]
[Result "0-1"]
[WhiteElo "2325"]
[BlackElo "2295"]

1.e4 c5 2.Nf3 Nc6 3.d4 cxd4 4.Nxd4 e6 5.Nc3 Qc7 6.Be2 a6 7.O-O Nf6 8.Be3 d6
9.a4 Be7 10.f4 O-O 11.Kh1 Re8 12.Nb3 Na5 13.Nxa5 Qxa5 14.Bf3 Bd7 15.Qd2 Bc6
16.b4 Qc7 17.b5 axb5 18.axb5 Bd7 19.b6 Rxa1 20.Rxa1 Qb8 21.Qd3 Rc8 22.Ne2 e5
23.f5 Bc6 24.Nc3 Bd8 25.g4 Nd7 26.Rb1 Nc5 27.Qd2 Na4 28.Ne2 Be8 29.Rb4 Nc5
30.Nc3 Rc6 31.Nd5 Qa8 32.f6 Bxf6 33.Nxf6+ gxf6 34.Rb1 Qa2 35.Rg1 Ne6 36.Bd1 Qc4
37.Qg2 Ng5 38.h4 Qxe4 39.Qxe4 Nxe4 40.Bf3 d5 41.Bxe4 dxe4 42.Rg2 Kf8 43.Kg1 Ke7
44.Kf1 Rc3 45.Bd2 Rf3+ 46.Rf2 Bb5+ 47.Kg2 Rxf2+ 48.Kxf2 Ke6  0-1

[Event "Baden-Baden op"]
[Site "Baden-Baden"]
[Date "1991.??.??"]
[Round "8"]
[White "Kresojevic, Vasa"]
[Black "Servaty, Rudolf"]
[Result "0-1"]
[WhiteElo "2310"]
[BlackElo "2295"]

1.e4 c5 2.Nf3 e6 3.d4 cxd4 4.Nxd4 Nc6 5.Nc3 Nf6 6.Ndb5 d6 7.Bf4 e5 8.Bg5 a6
9.Bxf6 gxf6 10.Na3 b5 11.Nd5 Bg7 12.c3 Ne7 13.Nc2 f5 14.exf5 Bxf5 15.Nce3 Be6
16.a4 Nxd5 17.Nxd5 bxa4 18.Rxa4 O-O 19.Bxa6 Ra7 20.Bc4 Rxa4 21.Qxa4 Qh4 22.Ne3 Qe4
23.Bb5 Qxa4 24.Bxa4 Ra8 25.b3 d5 26.Kd2 d4 27.cxd4 exd4 28.Nc2 Bh6+ 29.Ke2 d3+
30.Kxd3 Bf5+ 31.Kc4 Rc8+ 32.Kd5 Be6+ 33.Ke4 Rxc2 34.f4 Rxg2 35.Rd1 Rf2 36.Rg1+ Kf8  0-1

[Event "Baden-Baden op"]
[Site "Baden-Baden"]
[Date "1991.??.??"]
[Round "9"]
[White "Herbrechtsmeier, Christof"]
[Black "Gorjatschkin, Wjatscheslaw"]
[Result "0-1"]
[WhiteElo "2280"]
[BlackElo "2490"]

1.e4 c5 2.Nf3 e6 3.d4 cxd4 4.Nxd4 Nc6 5.Nc3 Qc7 6.g3 a6 7.Bg2 d6 8.Nxc6 bxc6
9.O-O Be7 10.Be3 Bb7 11.b4 Nf6 12.Rb1 O-O 13.f4 Nd7 14.a4 c5 15.b5 Nb6 16.a5 Nc4
17.b6 Qd8 18.Qe2 Nxa5 19.Rfd1 Qc8 20.e5 d5 21.Bc1 f5 22.Bd2 Nc4 23.Be1 Rb8
24.Rb3 Rd8 25.Rdb1 Bf8 26.Bf2 Bc6 27.Bf1 Rd7 28.Qd1 Rdb7 29.Bd3 Rd7 30.Qe2 Bb7
31.Ra1 Qc6 32.Kf1 Rbd8 33.Ke1 Nxe5 34.Qxe5 c4 35.Be4 cxb3 36.cxb3 Bc5 37.Bxc5 Qxc5
38.Qxe6+ Kh8 39.Qxf5 Qxc3+ 40.Kf1 Qxa1+  0-1

[Event "Baku"]
[Site "Baku"]
[Date "1991.??.??"]
[Round "?"]
[White "Yilmaz, Turham"]
[Black "Sideif Sade, Fikret I"]
[Result "0-1"]
[WhiteElo "2345"]
[BlackElo "2415"]

1.e4 c5 2.Nf3 e6 3.d4 cxd4 4.Nxd4 Nc6 5.Nc3 Qc7 6.Nxc6 dxc6 7.f4 e5 8.f5 Nf6
9.Bd3 Bc5 10.Qf3 h5 11.Bg5 Bd4 12.Nd1 b5 13.c3 Bb6 14.Ne3 Bb7 15.O-O-O O-O-O
16.h3 Qe7 17.Nc2 Rd7 18.Rd2 a6 19.a4 Qd8 20.Rhd1 Qc7 21.Qe2 Bc5 22.Kb1 Be7
23.h4 Qa5 24.b4 Qc7 25.Kb2 Rhd8 26.g3 bxa4 27.Bxf6 gxf6 28.Bxa6 Rxd2 29.Rxd2 Rxd2
30.Bxb7+ Qxb7 31.Qxd2 c5 32.Qd3 cxb4 33.Qc4+ Qc7 34.Qxc7+ Kxc7 35.cxb4 Kc6
36.Kc3 Bd8 37.Ne3 Bb6 38.Nf1 Kb5 39.g4 Bd4+ 40.Kc2 hxg4 41.h5 Kxb4 42.h6 a3
43.Nd2 g3 44.h7 g2 45.h8=Q g1=Q 46.Qf8+ Bc5 47.Qxf7 Qd4 48.Qb3+ Ka5 49.Nc4+ Ka6
50.Qa4+ Kb7 51.Qb5+ Kc7 52.Qa5+ Kd7 53.Qb5+ Ke7 54.Qb7+ Kf8 55.Qa8+ Kg7 56.Qb7+ Kh6
57.Qd5 a2  0-1

[Event "JUG-ch"]
[Site "Banja Vrucica"]
[Date "1991.??.??"]
[Round "?"]
[White "Matulovic, Milan"]
[Black "Tosic, Miroslav"]
[Result "0-1"]
[WhiteElo "2470"]
[BlackElo "2455"]

1.e4 c5 2.Nf3 e6 3.d4 cxd4 4.Nxd4 Nc6 5.Nc3 d6 6.Be2 Nf6 7.O-O Be7 8.Be3 O-O
9.f4 Bd7 10.Nb3 a6 11.g4 Bc8 12.g5 Nd7 13.Qe1 b5 14.Qg3 b4 15.Nd1 Re8 16.Nf2 Bf8
17.Ng4 Kh8 18.Bd3 Bb7 19.Qh3 Ne7 20.f5 exf5 21.exf5 Ng8 22.g6 Ngf6 23.Bd4 Re5
24.Rae1 Qc7 25.gxf7 Nxg4 26.Qxg4 Nf6 27.Qg3 Qxf7 28.Bxe5 dxe5 29.Qxe5 Rd8
30.Qg3 Bd6 31.Qe3 Qd5 32.Qh3 Bb8 33.Re6 Ba7+  0-1

[Event "JUG-ch"]
[Site "Banja Vrucica"]
[Date "1991.??.??"]
[Round "?"]
[White "Bakic, Dragan"]
[Black "Antic, Dejan"]
[Result "1/2-1/2"]
[WhiteElo "2235"]
[BlackElo "2390"]

1.e4 c5 2.Nf3 e6 3.d4 cxd4 4.Nxd4 Nc6 5.Nc3 a6 6.g3 d6 7.Bg2 Bd7 8.O-O Nf6
9.Be3 Be7 10.Nxc6 Bxc6 11.a4 O-O 12.a5 Nd7 13.Qe2 Qc7 14.Rfb1 Rac8 15.b4 Bf6
16.Ra3 Bxc3 17.Rxc3 Qd8 18.Rd1 Qe7 19.Qd2 Nf6 20.f3 Rfd8 21.Bb6 Rd7 22.Bf1 d5
23.e5 Ne8 24.b5 axb5 25.Bxb5 Qb4 26.Bxc6 Rxc6 27.Rxc6 Qxd2 28.Rxd2 bxc6 29.c4 Nc7
30.a6 h5 31.Ra2 Na8 32.Bc5 dxc4 33.Rc2 Rd1+ 34.Kf2 Ra1 35.a7 Nc7 36.Rxc4 Nb5
37.h4  1/2-1/2

[Event "JUG-ch"]
[Site "Banja Vrucica"]
[Date "1991.??.??"]
[Round "?"]
[White "Velimirovic, Dragoljub"]
[Black "Vratonjic, Slobodan"]
[Result "1/2-1/2"]
[WhiteElo "2520"]
[BlackElo "2375"]

1.e4 c5 2.Nf3 e6 3.d4 cxd4 4.Nxd4 Nc6 5.Nc3 Qc7 6.Be2 Nf6 7.O-O Be7 8.Kh1 O-O
9.f4 d6 10.Bf3 Bd7 11.Ndb5 Qb8 12.g4 a6 13.Nd4 Nxd4 14.Qxd4 Bc6 15.g5 Nd7
16.Bg2 e5 17.Qf2 exf4 18.Bxf4 Ne5 19.Rad1 f6 20.gxf6 Bxf6 21.Qd4 Kh8 22.Nd5 Bxd5
23.Qxd5 Rd8 24.Bg3 Qc7 25.c3 Qe7 26.Bh3 Bh4 27.Bxe5 dxe5 28.Qe6 Rxd1 29.Rxd1 Rd8
30.Rf1 Rf8 31.Rd1 Rd8  1/2-1/2

[Event "JUG-ch"]
[Site "Banja Vrucica"]
[Date "1991.??.??"]
[Round "?"]
[White "Ivanovic, Bozidar"]
[Black "Tosic, Miroslav"]
[Result "1-0"]
[WhiteElo "2535"]
[BlackElo "2455"]

1.e4 c5 2.Nf3 e6 3.d4 cxd4 4.Nxd4 Nc6 5.Nc3 Qc7 6.Be3 a6 7.Bd3 Nf6 8.O-O b5
9.Kh1 Bb7 10.a3 h5 11.f4 Ng4 12.Bg1 Nxd4 13.Bxd4 Bc5 14.Bxc5 Qxc5 15.Qe2 g5
16.e5 gxf4 17.Be4 O-O-O 18.Bxb7+ Kxb7 19.Rae1 Qe3 20.h3 f5 21.exf6 e5 22.Qf3+ Qxf3
23.Rxf3 d6 24.g3 fxg3 25.Kg2 Nh6 26.Kxg3 Kc6 27.Kh2 Nf7 28.Ne4 Kd7 29.Rg1 Rc8
30.c3 d5 31.Ng5 Nd6 32.Rd1 d4 33.f7 Rhf8 34.cxd4 e4 35.Rf4 Rc2+ 36.Kg3 Rxb2
37.Re1 Rd2 38.Nxe4 Nxe4+ 39.Rexe4 Rd3+ 40.Kh4 Rxa3 41.Kg5 Rc3 42.Kf6 Rcc8
43.Re7+ Kc6 44.Ke5 Rcd8 45.Rf6+  1-0

[Event "BUL-chT"]
[Site "Bankia"]
[Date "1991.??.??"]
[Round "4"]
[White "Panajotov, Janko"]
[Black "Todorov, Ivan"]
[Result "1-0"]
[WhiteElo "2245"]
[BlackElo "2260"]

1.e4 c5 2.Nc3 e6 3.Nge2 Nc6 4.d4 cxd4 5.Nxd4 Nf6 6.Be2 Bb4 7.Nxc6 bxc6 8.Bd3 d5
9.exd5 cxd5 10.O-O O-O 11.Bg5 Be7 12.Qf3 Qb6 13.b3 Ba6 14.Na4 Qa5 15.Rac1 Rac8
16.Qe2 Bxd3 17.cxd3 Ba3 18.Rc2 Qa6 19.Bc1 Rxc2 20.Qxc2 Rc8 21.Qd2 Qd6 22.Bxa3 Qxa3
23.Nc3 Qb4 24.Rc1 Rc6 25.Qb2 Qd4 26.Qd2 Qb4 27.Qb2 Ng4 28.Ne2 h6 29.d4 Nf6
30.f3 Rxc1+ 31.Qxc1 Qb5 32.Kf2 Qd3 33.Qc8+ Kh7 34.Qc7 Qf5 35.h3 Ne4+ 36.Ke1 Ng5
37.h4 Nxf3+ 38.gxf3 Qxf3 39.Qf4 Qh1+ 40.Kf2 Qa1 41.a4 f6 42.Qc1 Qa2 43.Qe3 Qc2
44.Qxe6 Qxb3 45.h5 Qxa4 46.Qxd5 Qe8 47.Nf4 Qb8 48.Kf3 Qc7 49.Qe4+ Kg8 50.Qe6+ Kh7
51.d5 Qc3+ 52.Kg4 Qc1 53.d6 Qd1+ 54.Kg3 Qg1+ 55.Ng2 Qc5 56.d7 Qg5+ 57.Kf2 Qd2+
58.Kf3 Qd3+ 59.Ne3  1-0

[Event "BUL-chT"]
[Site "Bankia"]
[Date "1991.??.??"]
[Round "6"]
[White "Dimitrov, Vladimir"]
[Black "Dimitrov, Atanas"]
[Result "1-0"]
[WhiteElo "2465"]
[BlackElo "2275"]

1.e4 c5 2.Nf3 Nc6 3.d4 cxd4 4.Nxd4 e6 5.Nc3 d6 6.Be2 Be7 7.O-O Nf6 8.Kh1 O-O
9.f4 Bd7 10.Be3 Nxd4 11.Bxd4 Bc6 12.Bd3 g6 13.Qe1 Qd7 14.a4 b6 15.Rf3 Rae8
16.Rh3 e5 17.Be3 exf4 18.Bxf4 Ng4 19.Qg3 Bf6 20.Be2 h5 21.Bxd6 Nf2+ 22.Qxf2 Qxd6
23.Rd1 Qe5 24.Rf3 Bg7 25.Bc4 Re7 26.Rf1 Qc7 27.Bd5 Be8 28.Qd2 Qe5 29.b3 Rc7
30.Ne2 Qb2 31.Bc4 Qe5 32.Nc3 Rd7  1-0

[Event "BUL-chT"]
[Site "Bankia"]
[Date "1991.??.??"]
[Round "8"]
[White "Panbukchian, Valentin"]
[Black "Andonov, Bogomil"]
[Result "0-1"]
[WhiteElo "2350"]
[BlackElo "2365"]

1.e4 c5 2.Nf3 Nc6 3.d4 cxd4 4.Nxd4 e6 5.Nc3 Qc7 6.f4 a6 7.Be2 d6 8.Be3 Nf6
9.O-O Be7 10.Qe1 O-O 11.Qg3 Nxd4 12.Bxd4 b5 13.a3 Bb7 14.Kh1 Rad8 15.Bd3 Bc6
16.Rae1 Qb7 17.e5 dxe5 18.Bxe5 g6 19.Re2 Nh5 20.Qh3 f6 21.Qxe6+ Kh8 22.Bd4 Rxd4
23.Qxe7 Bxg2+ 24.Kg1 Qxe7 25.Rxe7 Bxf1 26.Kxf1 Nxf4 27.Ne2 Nxe2 28.Kxe2 Rd6
29.a4 bxa4 30.Re4 Rb8 31.Rxa4 Rxb2 32.Ke3 Kg7 33.h4 f5 34.c3 Rg2  0-1

[Event "Beijing op"]
[Site "Beijing"]
[Date "1991.??.??"]
[Round "6"]
[White "Xu Jun"]
[Black "Ye Jiangchuan"]
[Result "1-0"]
[WhiteElo "2530"]
[BlackElo "2515"]

1.e4 c5 2.Nf3 Nc6 3.Nc3 e6 4.d4 cxd4 5.Nxd4 Qc7 6.Be2 a6 7.O-O Nf6 8.Be3 Bb4
9.Na4 O-O 10.Nxc6 bxc6 11.Nb6 Rb8 12.Nxc8 Rfxc8 13.Bxa6 Rd8 14.Bd3 Bd6 15.f4 e5
16.f5 Rxb2 17.g4 h6 18.h4 h5 19.gxh5 Be7 20.h6 d5 21.Qe2 Kh7 22.hxg7 Kxg7
23.Qg2+ Kh8 24.Kh1 Rg8 25.Bg5 Rb4 26.Rg1 Rg7 27.Qd2 Qd6 28.Bh6 Rg8 29.Rg2 Ng4
30.Bg5 f6 31.Rxg4 fxg5 32.Rag1 dxe4 33.hxg5 Kg7 34.f6+ Kg6 35.Rxe4 Qd5 36.Qg2 Kf7
37.g6+ Kxf6  1-0

[Event "Belgrade op"]
[Site "Belgrade"]
[Date "1991.??.??"]
[Round "?"]
[White "Djoric, Dusan"]
[Black "Bakic, Dragan"]
[Result "1/2-1/2"]
[WhiteElo "2350"]
[BlackElo "2235"]

1.e4 c5 2.Nf3 Nc6 3.d4 cxd4 4.Nxd4 e6 5.Nc3 Qc7 6.Be2 a6 7.a3 b5 8.O-O Bb7
9.Nb3 Nf6 10.f4 d6 11.Be3 Be7 12.Bf3 O-O 13.Qe1 Nd7 14.Rd1 Nb6 15.g4 Nc4
16.Bc1 Rac8 17.g5 Rfd8 18.Bg2 b4 19.axb4 Nxb4 20.Qe2 Bf8 21.Rf3 g6 22.Rh3 Bg7
23.Kh1 f5 24.gxf6 Bxf6 25.Rg1 Qg7 26.Nd1 Nxb2 27.Bxb2 Bxb2 28.c4 Bd4 29.Rf1 Nc6
30.Nd2 Bc5 31.Qe1 Nd4 32.Ne3 Bc6 33.Qh4 Rf8 34.Ng4 Rb8 35.Rd1 h5 36.Ne3 Qf6
37.f5 Qxh4 38.Rxh4 exf5 39.exf5 Bxg2+ 40.Kxg2 Rbe8 41.Ne4 Nxf5 42.Nxf5 Rxf5
43.Nxc5 dxc5 44.Rd6 Re2+ 45.Kg3 Kg7 46.Rxa6 Rff2 47.Rc6 Rg2+ 48.Kf3 Ref2+
49.Ke3 Rxh2 50.Rxh2 Rxh2 51.Rxc5 Kf6 52.Rb5 g5 53.c5 Rc2 54.Kd3 Rg2 55.c6 Ke7
56.Rd5  1/2-1/2

[Event "Belgrade op"]
[Site "Belgrade"]
[Date "1991.??.??"]
[Round "?"]
[White "Moisan, Fabrice"]
[Black "Kurtenkov, Atanas"]
[Result "0-1"]
[WhiteElo "2210"]
[BlackElo "2365"]

1.e4 c5 2.Nf3 e6 3.d4 cxd4 4.Nxd4 Nc6 5.Nc3 a6 6.Be2 Nge7 7.Nb3 Ng6 8.Be3 b5
9.f4 Bb4 10.O-O O-O 11.a4 Bxc3 12.bxc3 bxa4 13.Rxa4 d6 14.Qa1 a5 15.Rd1 Qc7
16.Nd4 Nxd4 17.Raxd4 Nxf4 18.Bxf4 e5 19.Rxd6 exf4 20.c4 a4 21.Qa3 Ra5 22.R6d5 Be6
23.Rxa5 Qxa5 24.c5 Rc8 25.c3 Bb3 26.Rd3 Bc4 27.Rd2 Bxe2 28.Rxe2 Rxc5 29.Rd2 h6
30.Rd8+ Qxd8 31.Qxc5 Qd1+ 32.Kf2 Qd2+  0-1

[Event "Belgrade-C"]
[Site "Belgrade"]
[Date "1991.??.??"]
[Round "2"]
[White "Tringov, Georgi P"]
[Black "Averkin, Orest N"]
[Result "1/2-1/2"]
[WhiteElo "2420"]
[BlackElo "2470"]

1.e4 c5 2.Nf3 e6 3.d4 cxd4 4.Nxd4 Nc6 5.Nc3 a6 6.Be2 Qc7 7.O-O Nf6 8.Kh1 Be7
9.f4 d6 10.Nf3 O-O 11.a3 b5 12.Bd3 Bb7 13.Qe1 b4 14.Nd1 a5 15.Nf2 Nd7 16.Be3 Rfe8
17.Ng4 Nf6 18.Qg3 Nxg4 19.Qxg4 Ba6 20.Bxa6 Rxa6 21.axb4  1/2-1/2

[Event "Benidorm op"]
[Site "Benidorm"]
[Date "1991.??.??"]
[Round "2"]
[White "Krylov, Sergey"]
[Black "Kiik, Kalle"]
[Result "1-0"]
[WhiteElo "2205"]
[BlackElo "2425"]

1.e4 c5 2.Nf3 e6 3.d4 cxd4 4.Nxd4 Nc6 5.Nc3 d6 6.Be2 Nf6 7.O-O Be7 8.f4 O-O
9.Be3 e5 10.fxe5 dxe5 11.Nf5 Bxf5 12.Rxf5 g6 13.Rf2 Qxd1+ 14.Rxd1 Nd4 15.Bg5 Kg7
16.Bd3 Rac8 17.Bxf6+ Bxf6 18.Nd5 Bd8 19.c3 Ne6 20.Bc2 Rc6 21.g3 Bb6 22.Nxb6 Rxb6
23.Bb3 Nc5 24.Bd5 a5 25.Rdf1 f6 26.b3 Rd8 27.Rf3 Rdd6 28.g4 Na6 29.c4 g5
30.h4 gxh4 31.g5 Nc5 32.Rf5 a4 33.b4 Rxb4 34.gxf6+ Kh8 35.f7  1-0

[Event "Berliner Sommer"]
[Site "Berlin"]
[Date "1991.??.??"]
[Round "?"]
[White "Tischbierek, Raj"]
[Black "Faibisovich, Vadim Z"]
[Result "1/2-1/2"]
[WhiteElo "2480"]
[BlackElo "2415"]

1.e4 c5 2.Nc3 e6 3.Nf3 Nc6 4.d4 cxd4 5.Nxd4 Nf6 6.Nxc6 bxc6 7.e5 Nd5 8.Ne4 f5
9.exf6 Nxf6 10.Nd6+ Bxd6 11.Qxd6 Qb6 12.Bd3 c5 13.Qg3 O-O 14.O-O Bb7 15.b3 Rae8
16.Be3 Be4 17.Bxe4 Nxe4 18.Qe5 d5 19.f3 Nf6 20.Bf2 Nd7 21.Qe2 e5 22.Rad1 Nf6
23.Bh4 d4 24.Qc4+ Qe6 25.Qxc5 Rc8 26.Qxa7 Ra8 27.Qc5 Rfc8 28.Qb5 Rxa2 29.Bxf6 gxf6
30.Rd2 Rcxc2 31.Rxc2 Rxc2 32.h4 Qc6 33.Qb8+ Kg7 34.Qd8 Qc7 35.Qd5 Qc6 36.Qd8 Qc7  1/2-1/2

[Event "Berliner Sommer"]
[Site "Berlin"]
[Date "1991.??.??"]
[Round "?"]
[White "Tischbierek, Raj"]
[Black "Den Boer, Ber"]
[Result "1-0"]
[WhiteElo "2480"]
[BlackElo "2350"]

1.e4 c5 2.Nc3 e6 3.Nf3 Nc6 4.d4 cxd4 5.Nxd4 a6 6.Be2 Qc7 7.O-O Nf6 8.Kh1 Be7
9.f4 d6 10.Be3 O-O 11.a4 Bd7 12.Nb3 b6 13.Bf3 Rab8 14.Qe2 Na5 15.Nd2 b5 16.axb5 axb5
17.e5 Ne8 18.Qf2 Nc6 19.Qg3 b4 20.Nce4 d5 21.Nc5 Bc8 22.Nd3 Qd8 23.Qh3 g6
24.g4 f6 25.Bg2 Ng7 26.exf6 Bxf6 27.Bc5 Be7 28.Bxe7 Qxe7 29.Nf3 Qc7 30.Ng5 h5
31.f5 gxf5 32.gxf5 Nxf5 33.Qxh5 Qg7 34.Rg1 Nce7 35.Bf3  1-0

[Event "Biel op"]
[Site "Biel"]
[Date "1991.??.??"]
[Round "8"]
[White "Milosevic, Goran"]
[Black "Schwarz, Peter"]
[Result "1-0"]
[WhiteElo "2405"]
[BlackElo "2325"]

1.e4 c5 2.Nf3 e6 3.Nc3 Nc6 4.d4 cxd4 5.Nxd4 a6 6.g3 Nge7 7.Nb3 b5 8.a3 d6
9.Bg2 Bb7 10.O-O Qc7 11.f4 Nc8 12.Qe2 Be7 13.Be3 Nb6 14.Rae1 Nc4 15.Bc1 Bf6
16.Kh1 O-O 17.g4 Rac8 18.g5 Bxc3 19.bxc3 Ne7 20.Qh5 Rfd8 21.Rf3 Ng6 22.Rh3 Nf8
23.Nd4 g6 24.Qh6 e5 25.f5 f6 26.Nf3 gxf5 27.gxf6 f4 28.Ng5 Rd7 29.Bf3 Kh8
30.Bg4 Ra8 31.Bxd7 Qxd7 32.f7 Qf5 33.Kg1 Bxe4 34.Rxe4  1-0